| 000 | 00811nam a2200229 a 4500 | ||
|---|---|---|---|
| 001 | 47027 | ||
| 003 | BD-RjUL | ||
| 005 | 20211209054240.0 | ||
| 008 | 160806s1967 bg |||| ||| 000 0 ben d | ||
| 020 | _c: Tk. 5.00 | ||
| 035 | _a(BD-RjUL)47146 | ||
| 040 |
_aBD-RjUL _bben _cBD-RjUL _dBD-RjUL |
||
| 041 | _aben | ||
| 082 |
_223 _a351 _bAKT 1967 |
||
| 100 |
_aআখন্দ, সা'দত আলী _9143225 |
||
| 245 |
_aতেরো নম্বরে পাঁচ বছর / _cসা'দত আলী আখন্দ |
||
| 260 |
_aরাজশাহী : _bমিত্র সংঘ, _c১৯৬৭ [১৩৭৪] |
||
| 300 |
_a[৬] ১৮০ পৃ. ; _c২২ সেমি. |
||
| 650 |
_aপাবলিক প্রশাসন _9143235 |
||
| 650 |
_aPublic Administration _9143236 |
||
| 942 |
_2ddc _cBK |
||
| 999 |
_c47027 _d47027 |
||